000 00466nam a2200169 4500
001 111358
003 ES-MaACL
005 20230906185304.0
007 t|
008 061121s1982 sp r ||||1| spa d
100 1 _aNeira Vilas, Xosé.
_985344
245 1 0 _aHistorias de emigrantes /
_cXosé Neira Vilas.
250 _a4ª ed.
260 _aSada (A Coruña) :
_bDo Castro,
_c1982.
300 _a100 p. :
_bil. ;
_c19 cm.
852 _aES-MaACL
_jL-3534
_bR.104358
999 _c111358
_d111358